000 00379nam a2200157Ia 4500
005 20240807061957.0
008 240806s9999||||xx |||||||||||||| ||eng||
041 _aeng
082 _a891.433009
_bRENM
100 _aThakur, Devesh
245 0 _aMaila aachal ki rachna prakriya /
_cThakur, Devesh
260 _bVani Prakashan
300 _a131p.
650 _aHindi
942 _cBK
999 _c4694
_d4694